Ochrana osobných údajov ako súčasť politiky riadenia informačnej bezpečnosti a rizík v medzinárodnej firme diplomová práca
Na minha lista:
| Autor principal: | |
|---|---|
| Autor Corporativo: | |
| Outros Autores: | |
| Formato: | Livro |
| Idioma: | eslovaco |
| Publicado em: |
Bratislava
2016
|
| Tags: |
Sem tags, seja o primeiro a adicionar uma tag!
|
MARC
| LEADER | 00000nbm a2200000 4500 | ||
|---|---|---|---|
| 001 | 0216593 | ||
| 005 | 20161123144711.0 | ||
| 041 | 0 | |a slo | |
| 044 | |a SK | ||
| 245 | 1 | 0 | |a Ochrana osobných údajov ako súčasť politiky riadenia informačnej bezpečnosti a rizík v medzinárodnej firme |b diplomová práca |c Jana Hrivnáková ; školiteľ: Janka Pásztorová |
| 264 | 1 | |a Bratislava |c 2016 | |
| 300 | |a 61 s. | ||
| 100 | 1 | |a Hrivnáková, Jana | |
| 700 | 1 | |a Pásztorová, Janka, 1960- | |
| 710 | 2 | |a Obchodná fakulta EU. Katedra medzinárodného obchodu | |